LEADER 01195nam a2200301 u 4500 001 000000092567 003 CaOOAMICUS 005 20070226124943.0 008 060630s2002 it u000 u ita u 020 $a8839406506 035 $a11094510 040 $aPUL$bita 041 1 $aita$hger 100 1 $aLuz, Ulrich,$d1938-$0(OLS)http://pul/name/24693 240 10$aJesusgescichte des Matthäus.$lItaliano.$0(OLS)http://pul/title/119447 245 13$aLa storia di Gesł in Matteo /$cUlrich Luz. 260 $aBrescia :$bPaideia,$cc2002. 300 $a191 p. ;$c21 cm 490 1 $aStudi biblici ;$v134 504 $a"Bibliografia scelta": 187-[188]. 630 04$aBiblia.$pN.T.$pMatthaeus.$lItaliano.$0(OLS)http://pul/subject/37824 830 0$aStudi biblici (Paideia) ;$v134.$0(OLS)http://pul/title/88 850 $aPUL 852 $aPUL$W1$xSL Religione 1$y3$m10 M 134$j116417$nBK-PRI$b $qStampati$B116417$CPULBib$Z2$F116417 $HPUL100881 $81 941 1 $a8 996 $6020$a8839406506$9(OLS)http://pul/number/121643 996 $6245$aLa storia di Gesł in Matteo$9(OLS)http://pul/title/119448 996 $6260$aBrescia :$bPaideia$9(OLS)http://pul/publisher/47884 LEADER 01263nam a2200301 u 4500 001 000000071857 003 CaOOAMICUS 005 20070226122158.0 008 020606s1944 it u000 u ita u 035 $a10932339 040 $aPUL(R)$bita 100 1 $aRamacharaka,$cYoghi,$d1862-1932.$0(OLS)http://pul/name/34312 245 13$aLe filosofie e le religioni dell'India /$cYoghi Ramacharaka ; traduzione di Elena Zanotti. 250 $a4. ed. 260 $aMilano :$bFratelli Bocca Editori,$c1944. 300 $a253 p. ;$c20 cm 490 1 $aProblemi dello spirito ;$v8 650 4$aFilosofia indiana.$0(OLS)http://pul/subject/5968 651 4$aIndia$xReligione.$0(OLS)http://pul/subject/24038 700 1 $aZanotti, Elena.$0(OLS)http://pul/name/47627 830 0$aProblemi dello spirito ;$v8.$0(OLS)http://pul/title/63515 850 $aPUL 852 $aPUL$W1$xDP1 Cons. Gen., Altre Classi 1$y22$m780 A 118$j92949$nBK-PRI$b $qStampati$B92949$CPULBib$Z2$F92949 $H $81 900 $aRamaciaraca, Yoghi$934312 941 1 $a8 961 $aINV: 67175 996 $6245$aLe filosofie e le religioni dell'India$9(OLS)http://pul/title/94571 996 $6260$aMilano :$bFratelli Bocca Editori$9(OLS)http://pul/publisher/66825